1929 1389 1235 1868 1146 1902 1648 1350 1768 1511 1460 1653 1553 1559 1479 1362 1801 1038 1292 1531 1996 1772 1907 1325 1053 1548 1800 1370 1035 1257 1460 1923 1370 1297 1868 1100 1261 1507 1994 1842 1669 1560 1591 1821 1859 1141 1698 1580 1024 1731 1705 1756 1703 1134 1095 1744 1366 1232 1234 1583 1131 1411 1787 1897 1867 1705 1458 1538 1723 1858 1649 1581 1907 1973 1866 1232 1279 1825 1633 1879 1348 1072 1042 1968 1283 1582 1427 1949 1977 1474 1476 1839 1349 1822 1385 1483 1282 1540 1165 BCNSPRNW ULIB Ver.6.0+V

เปลี่ยนเป็นภาษาไทย

Change to English
 แสดงรายละเอียดบรรณานุกรม
  กลับหน้าหลัก

Brief Record : Get Marc (ISO 2709) : E-mail record : QR code < ปิดหน้าต่าง
LEADER : 00000nam 2200000uu 4500
001    13399113022
003     ULIB
008    110921s2551||||th 000 0 tha d
020    9789740676799
050 04 PE1131^bพ879ค 2551
100 0  เพ็ชรี รูปะวิเชตร์
245 10 ฝึกภาษาอังกฤษกับครอบครัว = English for family /^cเพ็ชรี รูปะวิเชตร์ ... [และคนอื่นๆ]
246 31 English for famil
246 34 คู่มือฝึกภาษาอังกฤษกับครอบครัว
250    พิมพ์ครั้งที่ 1
260    กรุงเทพฯ :^bดวงกมลพับลิชชิ่ง,^c2551
300    154 หน้า :^bภาพประกอบ
650  7 ภาษาอังกฤษ^xบทสนทนาและวลี
650  7 ภาษาอังกฤษ^xตำราสำหรับชนต่างชาติ
945    ^p169^l0^i027617
995    ทศพร
999 ^a ทศพร
รายการนี้ยังไม่มีแท็ก
คุณยังไม่ได้ล็อกอิน คุณสามารถมีกิจกรรมร่วมกับเว็บไซต์ได้ แต่ต้องล็อกอินก่อน ::
  ล็อกอิน

รายการสื่อสารสนเทศ

ลำดับที่ ประเภท เลขเรียก/บาร์โค้ด สถานที่ สถานะ
- ไม่พบข้อมูล -

รายการใกล้เคียง
    ผู้แต่ง [เพ็ชรี รูปะวิเชตร์]

BibComment


ยังไม่เคยถูกคอมเมนท์

คอมเมนท์ทรัพยากรรายการนี้
  คอมเมนท์: ฝึกภาษาอังกฤษกับค..


 Copyright 2026. Bcnsprnw @Library